Regulácia prirodzených monopolov v SR diplomová práca

Salvato in:
Dettagli Bibliografici
Autore principale: Jurčo, Matej
Ente Autore: Fakulta podnikového manažmentu EU. Katedra podnikovohospodárska
Altri autori: Strieška, Ľubomír
Natura: Libro
Lingua:slovacco
Pubblicazione: Bratislava 2011
Tags: Aggiungi Tag
Nessun Tag, puoi essere il primo ad aggiungerne!!

MARC

LEADER 00000nbm a2200000 4500
001 0131465
005 20170315090420.3
041 0 |a slo 
044 |a SK 
245 1 0 |a Regulácia prirodzených monopolov v SR  |b diplomová práca  |c Matej Jurčo ; školiteľ: Ľubomír Strieška 
264 1 |a Bratislava  |c 2011 
300 |a 95 s. 
100 1 |a Jurčo, Matej 
700 1 |a Strieška, Ľubomír 
710 2 |a Fakulta podnikového manažmentu EU. Katedra podnikovohospodárska